000 00346nam a22001457a 4500
008 210312b ||||| |||| 00| 0 eng d
020 _a9780683038316
041 _aeng
080 _22nd
_a611
082 _22nd
_a611
100 _a7
101 _aANA
245 _aAnatomy as a Basic for Clinical Medicine
_cHall-Craggs,B.C.E
942 _2udc
_cBK
999 _c56528
_d56528